000 00580nam a22002057a 4500
003 KOHA_MİRAKIL
005 20260325104339.0
008 260325b tu ||||| |||| 00| 0 tur d
020 _a9786059799539
040 _aTR-AnABB
_btur
_cTR-AnABB
041 _atur
082 _a320.9561
_bCAN 2015
100 1 _aCandan, Tezcan Karakuş
245 1 0 _aKaçak Saray /
_cTezcan Karakuş Candan
260 _aİstanbul :
_bKırmızı Kedi Yayınevi,
_c2015
300 _a215 sayfa :
_c20cm
500 _aYazar imzalı
650 0 4 _asiyaset,eleştiri
942 _2ddc
_cBK
999 _c10025
_d10025
900 _bCem ÖZOGLU